00593nam a2200205Ia 4500003000400000005001700004008004100021020001900062040000700081041000800088082001600096100002500112245003600137260002000173300000900193650002200202942001300224999001900237952013100256OSt20251016110639.0250729s2005 xx 000 0 und d a978-8119843671 cAL aeng a370.71 ATHT aAthreya Arun9223164 aA textbook of teacher education aNew Delhic2005 a298p aEducation9223165 2ddccBED c235768d235768 00104070aALbALd2025-07-29eSita Book Houseg195.00l0o370.71 ATHTpBED01087r2025-07-29 16:54:17v195.00w2025-07-29yBK